000 00631nam a2200217Ia 4500
005 20220713113014.0
008 131103s9999 xx 000 0 und d
040 _aLoreto College
041 _aEnglish
082 _a801
_bWIN
100 _aWinters, Yvor
245 4 _aThe function of criticism
_bProblems and exercises
_cby Yvor Winters
260 _aLondon
_bRoutledge & Kegan Paul
_c1967 printing
300 _a200 p.
440 _aRoutledge paperbacks
504 _aFirst published in England in1962
650 _aLiterature -
651 _aLiterary Theory - Literary Criticism -
850 _aLCLIB
942 _cBK
999 _c539
_d51018